<?xml version="1.0" encoding="UTF-8"?>
<collection xmlns="http://www.loc.gov/MARC21/slim">
 <record>
  <leader>00971cam a2200277 7i4500</leader>
  <controlfield tag="001">0000099227</controlfield>
  <controlfield tag="005">20240117090000.0</controlfield>
  <controlfield tag="006">##m   gq d#     </controlfield>
  <controlfield tag="007">##co#cg#   uuuua</controlfield>
  <controlfield tag="008">240117t20112011ii #   ###   #00001eng##</controlfield>
  <datafield tag="020" ind1="#" ind2="#">
   <subfield code="a">0070681821 </subfield>
  </datafield>
  <datafield tag="020" ind1="#" ind2="#">
   <subfield code="a">9780070681828 </subfield>
  </datafield>
  <datafield tag="040" ind1="#" ind2="#">
   <subfield code="a">UMT </subfield>
   <subfield code="b">eng </subfield>
   <subfield code="c">UMT </subfield>
   <subfield code="e">rda</subfield>
  </datafield>
  <datafield tag="090" ind1="0" ind2="0">
   <subfield code="a">QA 76.73 .C15 </subfield>
   <subfield code="b">B3 2011</subfield>
  </datafield>
  <datafield tag="100" ind1="1" ind2="#">
   <subfield code="a">Balagurusamy, E. </subfield>
   <subfield code="e">author </subfield>
  </datafield>
  <datafield tag="245" ind1="1" ind2="0">
   <subfield code="a">Programming in ANSI C  </subfield>
   <subfield code="c">E. Balagurusamy.</subfield>
  </datafield>
  <datafield tag="250" ind1="#" ind2="#">
   <subfield code="a">Fifth edition</subfield>
  </datafield>
  <datafield tag="264" ind1="#" ind2="4">
   <subfield code="c">♭2011</subfield>
  </datafield>
  <datafield tag="264" ind1="#" ind2="1">
   <subfield code="a">New Delhi, India: </subfield>
   <subfield code="b">Tata McGraw-Hill, </subfield>
   <subfield code="c">2011</subfield>
  </datafield>
  <datafield tag="300" ind1="#" ind2="#">
   <subfield code="a">xii, 549 pages: </subfield>
   <subfield code="b">some colour illustrations</subfield>
  </datafield>
  <datafield tag="504" ind1="#" ind2="#">
   <subfield code="a">Includes bibliographical references and index</subfield>
  </datafield>
  <datafield tag="590" ind1="#" ind2="#">
   <subfield code="a">Pusat Pengajian Informatik dan Matematik Gunaan</subfield>
  </datafield>
  <datafield tag="650" ind1="#" ind2="0">
   <subfield code="a">C (Computer program language) </subfield>
  </datafield>
  <datafield tag="650" ind1="#" ind2="0">
   <subfield code="a">Computer programming </subfield>
  </datafield>
  <datafield tag="999" ind1=" " ind2=" ">
   <subfield code="a">1100085590</subfield>
   <subfield code="b">CD-ROM</subfield>
   <subfield code="c">Bahan Pandang Dengar</subfield>
   <subfield code="e">BILIK BAHAN SUMBER MEDIA</subfield>
  </datafield>
  <datafield tag="999" ind1=" " ind2=" ">
   <subfield code="a">1100085589</subfield>
   <subfield code="b">Book</subfield>
   <subfield code="c">Bahan Pandang Dengar</subfield>
   <subfield code="e">KOLEKSI TERBUKA</subfield>
  </datafield>
 </record>
</collection>
